000 03306cam a2200421 4500500
005 20260111072549.0
041 _afre
042 _adc
100 1 0 _aFarrugia, Marwin A.
_eauthor
700 1 0 _aSmati, Sarra
_eauthor
700 1 0 _aMouillot, Thomas
_eauthor
700 1 0 _aRamdour, Victoria
_eauthor
700 1 0 _aGual, Philippe
_eauthor
700 1 0 _aAnty, Rodolphe
_eauthor
245 0 0 _aStéatoses hépatiques dysmétaboliques en 2025 : du diagnostic au traitement
260 _c2026.
500 _a16
520 _aLes stéatoses hépatiques dysmétaboliques sont fréquentes dans la population française et constituent un enjeu de santé publique. Leur caractérisation est désormais facilitée grâce à l’usage de tests non invasifs évaluant la fibrose hépatique. L’ensemble des médecins devrait participer au parcours de soins des personnes avec une stéatose hépatique dysmétabolique, généralement en situation de surpoids ou d’obésité, et régulièrement atteintes d’un diabète de type 2. Les maladies cardiovasculaires, les cancers extra-hépatiques, les décompensations de cirrhose ou le carcinome hépatocellulaire constituent les principales causes de morbi-mortalité chez ces personnes. Les parcours de soins doivent encore être améliorés afin de proposer précocement une prise en charge globale de ces personnes. L’arrivée de nouvelles thérapeutiques médicamenteuses qui révolutionnent la prise en charge de l’obésité ainsi que le développement de molécules spécifiquement efficaces chez les personnes ayant une MASH fibrosante devraient faciliter la prise en charge de ces maladies.
520 _aMetabolic dysfunction-associated steatotic liver disease (MASLD) is frequent in the French population and represents a public health issue. Its characterization is now easier thanks to the use of non-invasive tests that assess liver fibrosis. All clinicians should be involved in the care pathway for people with MASLD, generally overweight or obese, and often have type 2 diabetes mellitus. Cardiovascular disease, extrahepatic cancers, decompensated cirrhosis, and hepatocellular carcinoma are the leading causes of morbidity and mortality in these patients. Care pathways still need to be improved in order to offer early comprehensive care for these people. The emergence of new drug therapies, that are revolutionizing the treatment of obesity, and the development of molecules effective in people with fibrotic MASH, should facilitate the management of these diseases.
690 _acarcinome hépatocellulaire
690 _acirrhose MASH
690 _aincrétines
690 _aMASH
690 _aMASLD
690 _aresmetirom
690 _astéatohépatite dysmétabolique
690 _astéatose hépatique
690 _atest non invasif de la fibrose hépatique
690 _ahepatocellular carcinoma
690 _aincretins
690 _aMASH
690 _aMASH cirrhosis
690 _aMASLD
690 _anoninvasive liver fibrosis test
690 _aresmetirom
786 0 _nHépato-Gastro & Oncologie Digestive | 32 | 10 | 2026-01-05 | p. 1085-1108 | 2115-3310
856 4 1 _uhttps://stm.cairn.info/revue-hepato-gastro-oncologie-digestive-2025-10-page-1085?lang=fr&redirect-ssocas=7080
999 _c1614963
_d1614963